000 00569nam a22002177a 4500
003 OSt
005 20170321185907.0
008 170321b xxu||||| |||| 00| 0 eng d
020 _a9780857110350
040 _cDMLN
082 _aQV766 H43b 2013
100 _aBrian, Mathew
_911873
245 _aHerbal Medicine
250 _a4th ed.
260 _aLondon; Pharmaceutical Press, 2013
300 _aix,912p; col.ill: 28cm
504 _aReferences, appendices, & index included
650 _aHerbal medicine
_92339
650 _aPharmacy
_911874
942 _2z
_cSLOAN
999 _c5706
_d5706